| LDR | 00995cam 2200253 c 4500 | |
|---|---|---|
| 001 | 000000023806 | |
| 005 | 19980526094136 | |
| 008 | 980520s1997 ulk 000a kor | |
| 020 | ▼a 8932901600(세트) ▼a 94180 | |
| 040 | ▼a 247024 ▼d 248032 | |
| 049 | 1 | ▼l EM00044130 ▼l EM00044131 ▼c 2 |
| 056 | ▼a 185.5 | |
| 090 | ▼a 185.5 ▼b 프295ㄲ | |
| 100 | 1 | ▼a 프로이트, 지그문트 |
| 245 | 10 | ▼a 꿈의해석 / ▼d 지그문트 프로이트 지음, ▼e 김인순 옮김. |
| 260 | ▼a 서울 : ▼b 열린책들, ▼c 1997. | |
| 300 | ▼a 2책 ; ▼c 23cm. | |
| 440 | 00 | ▼a 프로이트 전집 ; ▼v 4 |
| 507 | 00 | ▼a Freud, Sigmund |
| 653 | ▼a 꿈의해석 ▼a 프로이트전집 ▼a 열린책들 | |
| 700 | 1 | ▼a 김인순 ▼e 옮김 |
| 950 | 0 | ▼b \12500 ▼c (권당가) |
| 007 | ta |